000 00268nam a2200109Ia 4500
005 20251222114413.0
008 251222s1900||||xx |||||||||||||| ||spa||
082 _aDVD0093/U61U/2003
245 0 _aTercer congreso de UMAEL.
264 _bUniversidad La Salle
942 _cDVD
999 _c2109
_d2109